| 000 | 00351nam a2200133Ia 4500 | ||
|---|---|---|---|
| 008 | 240624s9999 xx 000 0 und d | ||
| 041 | _aeng | ||
| 082 | _a658.049 BIJ | ||
| 100 | _aBIJAOUI ILAN | ||
| 245 | _aSMES IN AN ERA OF GLOBALIZATION INTERNAT | ||
| 260 |
_c2017 _aLondon _bPalgrave Macmillan |
||
| 300 | _aix, 137 p.; 23 cm. | ||
| 365 |
_cERU _b31 |
||
| 999 |
_c30136 _d30136 |
||